| 000 | 01073nam0a2200301 4500 | ||
|---|---|---|---|
| 001 | RU\NLR\bibl\919003 | ||
| 005 | 20250614185816.0 | ||
| 010 |
_a5-224-05467-2 _91000 |
||
| 021 |
_aRU _b2006-5896 _9280 |
||
| 035 | _a(NLR Aleph) 000907292 | ||
| 090 |
_a23098 _c23098 |
||
| 100 | _a20060321d2006 |||y0rusy50 ca | ||
| 101 | 0 | _arus | |
| 102 | _aRU | ||
| 105 | _ay ||||||||| | ||
| 200 | 1 |
_aФилософия криминологии _fЖигарев Е.С., Петухов В.И. _gОЛМА Медиагрупп |
|
| 210 |
_aМосква _cОлма-Пресс _d2006 |
||
| 215 |
_a380,[1] с. _d23 |
||
| 320 | _aБиблиогр. в подстроч. прим. | ||
| 606 | 1 |
_aПреступления _xФилософские вопросы _92243101 _3RU\NLR\auth\661345860 |
|
| 686 | _aЮ216.23 | ||
| 700 | 1 |
_aЖигарев _bЕ. С. _gЕвгений Семенович _4070 |
|
| 701 | 1 |
_aПетухов _bВ. И. _gВасилий Игоревич _4070 |
|
| 801 | 0 |
_aRU _bNLR _c20060321 _grcr |
|
| 801 | 1 |
_aRU _bNLR _c20060321 |
|
| 942 | _cBOOK | ||
| 980 | _aNB | ||